Alphabet Booby Trap Blitz Quiz Stats

 Plays Quiz Updated Sep 19, 2018

Challenge
Share
Tweet
Embed
Score 0/26 Timer 02:00
20 Plays Today
Clue Letter % Correct
Letter on Superman's chest???
47.2%
First letter of the alphabet???
47.1%
Last letter of the alphabet???
46.6%
Shape of bird flying formation???
45.8%
First person pronoun???
45.7%
Letter opposite S on a map???
45%
Universal blood donor???
42.8%
Silent letter in 'mnemonic'???
42.6%
Letter the Brits add to 'color'???
42.6%
Unique chromosome in men???
42%
Symbol for potassium???
41.6%
Mr. from 'The A-Team'???
40.1%
Spelled out as aitch???
40%
Clue Letter % Correct
MPAA rating for kid movies???
39.2%
Vitamin to prevent scurvy???
38.4%
James Bond's gadget maker???
31.7%
Polysyllabic when spoken???
31.7%
Chicago's train system???
29.7%
Letter for a GOP member???
28.1%
500, in Roman numerals???
25.9%
Agent played by Will Smith in 'Men in Black'???
25%
Letter that looks like a Greek Chi???
23.3%
The flip side of a 45???
22.6%
2.71828183...???
21.7%
Symbol for momentum in physics???
17.5%
15, in hexadecimal???
13.2%

You're not logged in!

Compare scores with friends on all Sporcle quizzes.
Join for Free
OR
Log In

You Might Also Like...

Show Comments

Extras

Top Quizzes Today


Score Distribution

Your Account Isn't Verified!

In order to create a playlist on Sporcle, you need to verify the email address you used during registration. Go to your Sporcle Settings to finish the process.

Report this User

Report this user for behavior that violates our Community Guidelines.

Details: